000 00641nam a2200217 a 4500
001 12991
003 BD-JhCC
005 20230611100404.0
008 230611s2022 b& |||| |||| 000 0 ben d
020 _a9789849610700
035 _a(BD-JhCC)12991
040 _aBD-JhCC
_dBD-JhCC
041 _aengben
082 _a891.443
_bROH 2022
100 _aরহমান, সাগর
245 _aউড্ডয়নসূত্র /
_cসাগর রহমান
260 _aঢাকা :
_bপ্রতিকথা,
_c২০২২
300 _a২৪০ পৃ. :
_c২১ সেমি.
650 _aBengali Novel
942 _2ddc
_cBK
999 _c12991
_d12991